| 000 | 00778cam a2200205 4500 | ||
|---|---|---|---|
| 001 | WB3713-29 | ||
| 008 | 000000n2001 000 0 eng u | ||
| 035 | _a(Sirsi) u111644 | ||
| 245 | _aHistoric deal offers reprieve for hunting | ||
| 260 | _c2001 | ||
| 490 |
_aObserver _v 25 March 2001, 4(1) |
||
| 520 | _aIn a move designed to avoid a total ban on hunting, the Countryside Alliance is due to support a set of 'middle way' proposals which call for statutory laws to control hunting. The alliance's president said they would agree with any proposals that would allow them to continue hunting. | ||
| 590 | _aWB | ||
| 650 | _aCOUNTRYSIDE ALLIANCE | ||
| 650 | _aFOX HUNTING | ||
| 650 | _aANIMAL RIGHTS | ||
| 650 | _aLEGISLATION | ||
| 690 |
_aRural _96268 |
||
| 942 | _n0 | ||
| 999 |
_c66524 _d66524 |
||